000 00954nam a2200229Ia 4500
001 9080
003 GE_BSU
008 181216s||||||||xx |||||||||||||| ||und||
040 _cGE_BSU
080 _a821.353.1-1
245 _aლენინს-ქართველი პოეტები
245 _bლექსები
245 _cსარედ:კოლეგია:ირაკლი აბაშიძე;ამირან გაბესკირია;რევაზ მარგიანი;ბესარიონ ჟღენტი;სერგი ჭილაია;მხატვ:ი.ჯანაშვილი.
260 _aთბილისი.
260 _bსაბჭ.მწერალი.
260 _c1960
300 _a209გვ;27სმ
300 _b1ფ. პორტრ,
653 _aლენინს-ქართველი პოეტები
653 _aლექსები
942 _cBK
999 _c42384
_d42384